000
00317nam a2200121Ia 4500
008
230917s9999||||xx |||||||||||||| ||und||
040
_e
144873
_a
MAIN
041
_a
English
082
_a
362.20973 H815I
100
_a
Houpt, Jeffey
245
0
_a
Importance of mental healh services to general health care
942
_c
BK
999
_c
47287
_d
47287